[Event "ESP-ch Seniors 28th"]
[Site "Santa Susanna"]
[Date "2012.05.15"]
[Round "5"]
[White "Valls Mir, Josep"]
[Black "Anguera Maestro, Jaime"]
[Result "0-1"]
[WhiteElo "1881"]
[BlackElo "2154"]
[PlyCount "70"]
[EventDate "2012.05.11"]
[EventType "swiss"]
[EventRounds "9"]
[EventCountry "ESP"]
[SourceTitle "CBM 148 Extra"]
[Source "ChessBase"]
[SourceDate "2012.06.22"]
[SourceVersion "1"]
[SourceVersionDate "2012.06.22"]
[SourceQuality "1"]

1. d4 Nf6 2. c4 g6 3. Nc3 Bg7 4. e4 0-0 5. Be3 d6 6. f3 Nc6 7. a3 e5 8. d5 Ne7 9. Bd3 Nh5 10. g4 Nf4 11. Bxf4 exf4 12. Nge2 f5 13. gxf5 gxf5 14. Qc2 fxe4 15. Bxe4 Bf5 16. 0-0-0 Bxe4 17. Qxe4 Ng6 18. Nd4 Bxd4 19. Qxd4 Qf6 20. Qd3 Kh8 21. Ne4 Qf5 22. Rdg1 Ne5 23. Qc3 Rg8 24. h4 h6 25. Nf2 Rg3 26. Rxg3 fxg3 27. Ne4 g2 28. Rg1 Rg8 29. Nd2 Qf4 30. Kd1 Rg7 31. Ke2 Qxh4 32. Ne4 Ng6 33. c5 Nf4+ 34. Kd1 Qh1 35. Qe1 Qxg1 0-1

[Event "ESP-ch Seniors 27th"]
[Site "Santa Susanna"]
[Date "2011.05.13"]
[Round "1"]
[White "Dominguez Rueda, Juan"]
[Black "Valls Mir, Josep"]
[Result "1-0"]
[WhiteElo "2120"]
[BlackElo "1897"]
[PlyCount "95"]
[EventDate "2011.05.13"]
[EventType "swiss"]
[EventRounds "9"]
[EventCountry "ESP"]
[SourceTitle "CBM 142 Extra"]
[Source "ChessBase"]
[SourceDate "2011.06.27"]
[SourceVersion "1"]
[SourceVersionDate "2011.06.27"]
[SourceQuality "1"]

1. e4 e6 2. d4 d5 3. Nc3 Nf6 4. Bg5 Be7 5. e5 Nfd7 6. Bxe7 Qxe7 7. f4 f5 8. Qh5+ g6 9. Qh6 a6 10. Nf3 b6 11. 0-0-0 Bb7 12. Be2 Nc6 13. g4 0-0-0 14. gxf5 gxf5 15. Ng5 Nf8 16. Bh5 Rd7 17. Nf7 Rg8 18. Rhg1 Rxg1 19. Rxg1 Ng6 20. Bxg6 hxg6 21. Qh8+ Nd8 22. Nxd8 Rxd8 23. Qh6 Qb4 24. Rd1 Kb8 25. Qxg6 Bc8 26. h4 c5 27. Qg1 Rh8 28. Qf2 Bd7 29. Rh1 Kc7 30. Kb1 a5 31. Ne2 Bb5 32. Nc1 Ba6 33. c3 Qb5 34. Qg1 Rh7 35. Qg8 Qd7 36. dxc5 bxc5 37. Qa8 Kb6 38. Qb8+ Bb7 39. Nb3 a4 40. Nd2 Ka6 41. Rh2 Kb6 42. Nf3 d4 43. cxd4 cxd4 44. Ng5 Re7 45. h5 Ka6 46. Qd6+ Qxd6 47. exd6 Rd7 48. h6 1-0

[Event "Catalunya Vilanova Salt 35th"]
[Site "Salt"]
[Date "2009.06.12"]
[Round "8.9"]
[White "Valls Mir, Josep"]
[Black "Sanchez Luque, Juan"]
[Result "0-1"]
[WhiteElo "1969"]
[BlackElo "1955"]
[PlyCount "116"]
[EventDate "2009.04.17"]
[EventType "swiss"]
[EventRounds "9"]
[EventCountry "ESP"]
[SourceTitle "EXT 2024"]
[Source "ChessBase"]
[SourceDate "2023.10.10"]
[SourceVersion "1"]
[SourceVersionDate "2023.10.10"]
[SourceQuality "1"]

1. d4 Nf6 2. c4 e6 3. Nc3 Bb4 4. Qc2 b6 5. e4 Bb7 6. Bd3 d5 7. cxd5 exd5 8. e5 Ne4 9. Nge2 c5 10. a3 Bxc3+ 11. bxc3 c4 12. Bxe4 dxe4 13. Qa4+ Nd7 14. Qxc4 0-0 15. 0-0 Re8 16. Re1 Rc8 17. Qb3 Nb8 18. Ng3 Nc6 19. Nxe4 Na5 20. Qa2 Nc4 21. Qe2 f5 22. Ng3 Qd5 23. f3 g6 24. Nf1 Ba6 25. Ne3 Qc6 26. Nxc4 Bxc4 27. Qe3 Bd5 28. Bd2 b5 29. Qg5 Re6 30. Rec1 a5 31. Qg3 a4 32. Bg5 Qd7 33. Bh6 Rec6 34. Bd2 Re6 35. Kf2 Rce8 36. h4 Bc6 37. Bg5 Qd5 38. h5 Kf7 39. hxg6+ Rxg6 40. Rh1 h6 41. Rxh6 Reg8 42. Rxg6 Rxg6 43. Qf4 Ke6 44. Qh4 Qb3 45. Bd2 Qb2 46. Rd1 Qc2 47. Qh7 f4 48. Ke1 Bxf3 49. Qxg6+ Qxg6 50. gxf3 Qg3+ 51. Ke2 Qg2+ 52. Kd3 Qxf3+ 53. Kc2 Qe4+ 54. Kc1 f3 55. Re1 Qd3 56. Re3 Qf5 57. Re1 f2 58. Rf1 Qf3 0-1